000 00883cab a2200241 4500
001 WB3348-35
008 090401t1997 xxu||||| |||| 00| 0 eng d
035 _a(Sirsi) u82557
041 _aeng
245 _aLandlord jailed
260 _c1997
350 _a0
490 _aDaily Telegraph
_v9 December 1997, 5
490 _aHSE News Release
_v(237/97) 8 December 1997 (3)
520 _aA landlord whose negligence led to the death of a tenant by carbon monoxide poisoning has been jailed for manslaughter. He is the first person to be jailed for failing to comply with gas safety regulations.
650 _aCARBON MONOXIDE POISONING
650 _aGAS SAFETY REGULATIONS
650 _aHEALTH AND SAFETY
_96244
650 _aNEGLIGENCE
690 _aPROPERTY-RESIDENTIAL PROPERTY-RESIDENTIAL LANDLORD AND TENANT-RESIDENTIAL TENANCIES
942 _n0
948 _c09/12/1997
999 _c52130
_d52130